The craft of fiction / (Record no. 38846)
[ view plain ]
| 000 -LEADER | |
|---|---|
| fixed length control field | 00662nam a2200241 a 4500 |
| 001 - CONTROL NUMBER | |
| control field | 38846 |
| 003 - CONTROL NUMBER IDENTIFIER | |
| rucl marc code | UkOxU |
| 005 - DATE AND TIME OF LATEST TRANSACTION | |
| control field | 20211209052853.0 |
| 008 - FIXED-LENGTH DATA ELEMENTS--GENERAL INFORMATION | |
| fixed length control field | 860101s19211963enk 000 0 eng d |
| 035 ## - SYSTEM CONTROL NUMBER | |
| System control number | 38955 |
| 040 ## - CATALOGING SOURCE | |
| Original cataloging agency | PLF |
| Transcribing agency | PLF |
| Modifying agency | TAG |
| -- | EQO |
| Language of cataloging | eng |
| 041 ## - LANGUAGE CODE | |
| Language code of text/sound track or separate title | eng |
| 082 ## - DEWEY DECIMAL CLASSIFICATION NUMBER | |
| Edition number | 21 |
| Classification number | 809.3 |
| Author mark and year | LUC 1963 |
| 090 ## - LOCALLY ASSIGNED LC-TYPE CALL NUMBER (OCLC); LOCAL CALL NUMBER (OCLC) | |
| Classification number (OCLC) (R) ; Classification number, CALL (RLIN) (NR) | PN3355 |
| Local cutter number (OCLC) ; Book number/undivided call number, CALL (RLIN) | .L8 |
| 100 1# - MAIN ENTRY--PERSONAL NAME | |
| Personal name | Lubbock, Percy, |
| Dates associated with a name | 1879-1965. |
| 9 (RLIN) | 119798 |
| 245 14 - TITLE STATEMENT | |
| Title | The craft of fiction / |
| Statement of responsibility, etc. | Percy Lubbock |
| 260 ## - PUBLICATION, DISTRIBUTION, ETC. (IMPRINT) | |
| Place of publication, distribution, etc. | London : |
| Name of publisher, distributor, etc. | J. Cape, |
| Date of publication, distribution, etc. | 1954 [Reprinted 1963] |
| 300 ## - PHYSICAL DESCRIPTION | |
| Pagination | 276 p ; |
| Size | 19 cm. |
| 490 1# - SERIES STATEMENT | |
| Series statement | Travellers' library |
| 650 #0 - SUBJECT ADDED ENTRY--TOPICAL TERM | |
| Topical term or geographic name as entry element | Fiction |
| General subdivision | Technique |
| 9 (RLIN) | 119799 |
| 830 #0 - SERIES ADDED ENTRY--UNIFORM TITLE | |
| Uniform title | Travellers' library |
| 942 ## - ADDED ENTRY ELEMENTS (KOHA) | |
| Source of classification or shelving scheme | Dewey Decimal Classification |
| Koha item type | Books |
| Lost status | Source of classification or shelving scheme | Damaged status | Not for loan | Collection code | Permanent Location | Current Location | Shelving location | Date acquired | Source of acquisition | Cost, normal purchase price | Total Checkouts | Full call number | Date last seen | Date checked out | Copy number | Koha item type |
|---|---|---|---|---|---|---|---|---|---|---|---|---|---|---|---|---|
| Dewey Decimal Classification | Fiction | Central Library, University of Rajshahi | Central Library, University of Rajshahi | 03/04/1964 | zeitlinger | 181.00 | 1 | 809.3 LUC 1963 | 27/08/2017 | 24/08/2017 | C-3 | Books |